000 01093nam a2200313Ia 4500
001 Para_9352
003 CHAP
008 220125s2007 xx 000 0 und d
010 _a208050
040 _cCHAP
090 _aTESIS 2095
100 _aDomínguez Núnez, Diego
_933861
245 _aEtiología de la falsa cenicilla en cártamo (Carthamus tinctorius, L.), del Valle del Yaqui Ciudad Obregón, Sonora /
_c por Diego Domínguez Núñez y Octavio Xolo Fiscal
260 _aChapingo, Méx. :
_b el autor
300 _a41 h.
502 _aTesis (Ing. Agr. Esp. en Parasitología Agrícola) -- UACh. Departamento Parasitología Agrícola
650 _aAzafrancillo
_x enfermedades
_99060
650 _aHongos fitopatógenos
_956132
650 _aRamularia carthami
_9174471
700 _aXolo Fiscal, Diego
_9174472
710 _aUACh. Departamento Parasitología Agrícola
_9164025
901 _aTESIS 2095
902 _aM
905 _a0000002007 an 0000000000 00
910 _a2007
942 _cPARA
942 _cPARA
_d2
999 _c208050
_d208050